000 00543nam a22002177a 4500
003 OSt
005 20210426081904.0
008 210215s1999 ||||| |||| 00| 0 eng d
020 _a1860199089
040 _aeng
_beng
_cDLC
041 _aeng
080 _a92
_bP-78
100 _9864
_aPocock, Tom
245 _aHoratio Nelson
_c/ by: Brockhampton Press
260 _aLondon
_bBrockhampton Press
_c1999
300 _a364 p.
_bill.
365 _b20 gbp
650 0 _9237
_aBiography
653 _aბიოგრაფია
942 _2udc
_cBK
999 _c1372
_d1372